<?xml version="1.0" encoding="UTF-8"?><record xmlns="http://www.loc.gov/MARC21/slim" xmlns:zs="http://docs.oasis-open.org/ns/search-ws/sruResponse">
  <leader>02005ccm a22004691i 4500</leader>
  <controlfield tag="001">22224227</controlfield>
  <controlfield tag="005">20250607111003.8</controlfield>
  <controlfield tag="007">hd afu---baca</controlfield>
  <controlfield tag="008">210901s1923    xx mpl| a      n  | zxx  </controlfield>
  <datafield ind1=" " ind2=" " tag="035">
    <subfield code="a">22224227</subfield>
  </datafield>
  <datafield ind1=" " ind2=" " tag="906">
    <subfield code="a">7</subfield>
    <subfield code="b">cbc</subfield>
    <subfield code="c">orignew</subfield>
    <subfield code="d">1</subfield>
    <subfield code="e">ncip</subfield>
    <subfield code="f">20</subfield>
    <subfield code="g">y-genmusic</subfield>
  </datafield>
  <datafield ind1="0" ind2=" " tag="925">
    <subfield code="a">acquire</subfield>
    <subfield code="b">1 shelf copy</subfield>
    <subfield code="x">policy default</subfield>
  </datafield>
  <datafield ind1=" " ind2=" " tag="955">
    <subfield code="i">vk38 2021-09-01 TW situational</subfield>
  </datafield>
  <datafield ind1=" " ind2=" " tag="010">
    <subfield code="a">  2020570863</subfield>
  </datafield>
  <datafield ind1=" " ind2=" " tag="040">
    <subfield code="a">DLC</subfield>
    <subfield code="b">eng</subfield>
    <subfield code="e">rda</subfield>
    <subfield code="c">DLC</subfield>
  </datafield>
  <datafield ind1=" " ind2=" " tag="042">
    <subfield code="a">pcc</subfield>
  </datafield>
  <datafield ind1="0" ind2="0" tag="050">
    <subfield code="a">Microfilm Music 3236</subfield>
    <subfield code="b">Item 16</subfield>
  </datafield>
  <datafield ind1="1" ind2="0" tag="050">
    <subfield code="a">M176</subfield>
  </datafield>
  <datafield ind1="1" ind2=" " tag="100">
    <subfield code="a">Riesenfeld, Hugo,</subfield>
    <subfield code="d">1879-1939,</subfield>
    <subfield code="e">composer.</subfield>
  </datafield>
  <datafield ind1="1" ind2="0" tag="240">
    <subfield code="a">Covered wagon</subfield>
  </datafield>
  <datafield ind1="1" ind2="0" tag="245">
    <subfield code="a">Music score The covered wagon /</subfield>
    <subfield code="c">music arranged by Hugo Riesenfeld.</subfield>
  </datafield>
  <datafield ind1=" " ind2="0" tag="264">
    <subfield code="c">[not before 1923]</subfield>
  </datafield>
  <datafield ind1=" " ind2=" " tag="300">
    <subfield code="a">1 piano conductor part (127 pages) ;</subfield>
    <subfield code="c">30 cm</subfield>
  </datafield>
  <datafield ind1=" " ind2=" " tag="336">
    <subfield code="a">notated music</subfield>
    <subfield code="b">ntm</subfield>
    <subfield code="2">rdacontent</subfield>
  </datafield>
  <datafield ind1=" " ind2=" " tag="337">
    <subfield code="a">microform</subfield>
    <subfield code="b">h</subfield>
    <subfield code="2">rdamedia</subfield>
  </datafield>
  <datafield ind1=" " ind2=" " tag="338">
    <subfield code="a">microfilm reel</subfield>
    <subfield code="b">hd</subfield>
    <subfield code="2">rdacarrier</subfield>
  </datafield>
  <datafield ind1="0" ind2="1" tag="382">
    <subfield code="a">piano</subfield>
    <subfield code="n">1</subfield>
    <subfield code="s">1</subfield>
    <subfield code="2">lcmpt</subfield>
  </datafield>
  <datafield ind1=" " ind2=" " tag="500">
    <subfield code="a">For piano.</subfield>
  </datafield>
  <datafield ind1=" " ind2=" " tag="500">
    <subfield code="a">Title from Music for silent films, 1894-1929, by Gillian Anderson; title based on title found on resource.</subfield>
  </datafield>
  <datafield ind1="4" ind2=" " tag="510">
    <subfield code="a">Anderson, G. Music for silent films, 1894-1929,</subfield>
    <subfield code="c">page 28, item no. 199</subfield>
  </datafield>
  <datafield ind1=" " ind2=" " tag="533">
    <subfield code="a">Microfilm.</subfield>
    <subfield code="b">Washington, D.C. :</subfield>
    <subfield code="c">Library of Congress Photoduplication Service,</subfield>
    <subfield code="d">1979</subfield>
    <subfield code="e">on reel 4 of 27 microfilm reels ; 35 mm.</subfield>
    <subfield code="n">On reel with other items.</subfield>
  </datafield>
  <datafield ind1="1" ind2=" " tag="535">
    <subfield code="3">Original located at:</subfield>
    <subfield code="a">Film Collection, MoMA;</subfield>
    <subfield code="b">New York, NY 10019;</subfield>
    <subfield code="c">USA</subfield>
  </datafield>
  <datafield ind1=" " ind2=" " tag="546">
    <subfield code="b">Staff notation.</subfield>
  </datafield>
  <datafield ind1="0" ind2=" " tag="555">
    <subfield code="a">Finding aid available from the Library of Congress.</subfield>
    <subfield code="u">https://www.loc.gov/item/87026248/</subfield>
  </datafield>
  <datafield ind1=" " ind2="0" tag="650">
    <subfield code="a">Piano music.</subfield>
  </datafield>
  <datafield ind1=" " ind2="0" tag="650">
    <subfield code="a">Silent film music</subfield>
    <subfield code="v">Parts.</subfield>
  </datafield>
  <datafield ind1=" " ind2="7" tag="655">
    <subfield code="a">Parts (Music)</subfield>
    <subfield code="2">lcgft</subfield>
  </datafield>
  <datafield ind1=" " ind2="7" tag="655">
    <subfield code="a">Silent film music.</subfield>
    <subfield code="2">lcgft</subfield>
  </datafield>
  <datafield ind1="0" ind2=" " tag="730">
    <subfield code="i">Music for motion picture (work):</subfield>
    <subfield code="a">Covered wagon (Motion picture)</subfield>
  </datafield>
  <datafield ind1="4" ind2="1" tag="856">
    <subfield code="d">mussilentfilms</subfield>
    <subfield code="f">mussilentfilms-2020570863</subfield>
    <subfield code="u">https://hdl.loc.gov/loc.music/mussilentfilms.2020570863</subfield>
  </datafield>
  <datafield ind1=" " ind2=" " tag="985">
    <subfield code="a">music/mussilentfilms</subfield>
    <subfield code="e">mussilentfilms</subfield>
  </datafield>
  <datafield ind1=" " ind2=" " tag="991">
    <subfield code="b">c-Music</subfield>
    <subfield code="h">Microfilm Music 3236</subfield>
    <subfield code="i">Item 16</subfield>
  </datafield>
</record>
